Statistiken für Deutschland: Geografie mit V

Klicken Sie hier um das Quiz zu spielen!

Allgemein

  • Dieses Quiz wurde 169 mal gespielt
  • Das Durchschnittsergebnis liegt bei 5 aus 10

Antwortstatistiken

HinweisAntwort% Korrekt
Die im Südwesten Baden-Württembergs gelegene Stadt ist die größte Gemeinde in Deutschland mit einem Doppelnamen{Villingen}-Schwenningen
89%
Hamburgs größter öffentlicher Park, in dem sich auch das Stadion des HSV befindetVolkspark
78%
Seit 1807 täglich stattfindender Markt in der Münchener Altstadt{Viktualien}markt
67%
Landkreis in Westsachsen mit Verwaltungssitz in Plauen und KFZ-Kennzeichen "V"Vogtland
65%
Nördlich von Mönchengladbach gelegene Kreisstadt am Niederrhein mit ca. 78.000 EinwohnernViersen
60%
Gebirge in der Mitte von Hessen, das vulkanischen Ursprungs istVogelsberg
41%
Niedersächsische Stadt an der Aller, die ein Zentrum der Pferdezucht und des Pferdesports istVerden
39%
Ehemaliges Eisenwerk, das heute als Industriedenkmal zum UNESCO-Weltkulturerbe gehört{Völklinger} Hütte
39%
Kürzeste Verbindung zwischen Hamburg und Kopenhagen, die u. a. über den Fehmarnbelt führt{Vogelflug}linie
26%
Barocke Basilika und Wallfahrtskirche in Oberfranken{Vierzehn}heiligen
21%

Verteilung der Resultate

Perzentil nach korrekt beantworteten Fragen

Anzahl Personen mit jedem Resultat

Ihre Resultats-Entwicklung

Sie haben dieses Quiz noch nicht gespielt